000 00287nam a2200121 a 4500
005 20140513081050.0
008 020606s19uu xx 00 eng d
050 _aP 991
_bNAT 1988
245 _aLupang hinirang.
650 _aNational Anthem--Poster
650 _aChart
999 _c116265
_d116265